000 01158nam a2200229Ia 4500
001 20653
003 GE_BSU
008 181216s||||||||xx |||||||||||||| ||und||
040 _cGE_BSU
245 _aრელიგია : სამეცნიერო-საღვთისმეტყველო ჟურნალი:2011 #2
245 _cსარედ:საბჭ.მიტროპოლიტი სერგი ჩეკურიშვილი;პ.მგ.მდივანი რისმაგ გორდეზიანი და სხვ.
260 _aთბილისი
260 _bგ.გ
260 _c2011
300 _a96გვ;26სმ.
300 _bგარეკანის პირველი გვერდი ილ.
520 _aჟურნალი დაარსდა 1992 წელს ვიქტორ რცხილაძის თაოსნობით.
653 _aპერიოდიკა
653 _aრელიგია
653 _aრელიგია : სამეცნიერო-საღვთისმეტყველო ჟურნალი:2011 #2
942 _cCR
999 _c53606
_d53606